00272nam a2200097Ia 4500001000800000005001700008008004100025020001800066245007100084260001900155127600920260417160439.0260417s9999 xx 000 0 und d a9786256126732 0aMinik Kâşifler için Hayat Bilgisi - SayılarcMukaddes Kutlu bKetebe Çocuk